Datum a čas kvízu
6
Celkem bodů
Celkový počet nahraných bodů na tomto kvízu bez doplňovacích otázek.
2.
Pořadí na kvízu
Konečné umístění týmu na tomto kvízu.
Zaznamenané odpovědi
| # | Otázka | Odpověď | Body | Výsledky |
|---|---|---|---|---|
| 1. | Český národ si dokáže udělat s... | 1 | ||
| 2. | Těsně před Vánocemi se na Mezi... | 0 | ||
| 3. | Tento britský herec, který v z... | 0 | ||
| 4. | Technologičtí giganti jako Fac... | 0 | ||
| 5. | Bývalá světová tenisová jednič... | 0 | ||
| 6. | Pro mimobrněnské soutěžící upř... | 0 | ||
| 7. | Bývalé pražské nakladatelství... | 0 | ||
| 8. | Na jméno české metalové skupin... | 0 | ||
| 9. | Plod listnatého stromu z čeled... | 0 | ||
| 10. | Ze šalinkarty vyberete i příjm... | 0 |